Hindu mythology : (Record no. 124884)

MARC details
000 -LEADER
fixed length control field 00633nam a22002177a 4500
005 - DATE AND TIME OF LATEST TRANSACTION
control field 20170124105946.0
010 ## - LIBRARY OF CONGRESS CONTROL NUMBER
LC control number B-181260
020 ## - INTERNATIONAL STANDARD BOOK NUMBER
Terms of availability 250.00
035 ## - SYSTEM CONTROL NUMBER
System control number B-181260
037 ## - SOURCE OF ACQUISITION
Source of stock number/acquisition Cen Lib/Ret
040 ## - CATALOGING SOURCE
Original cataloging agency DPL
Language of cataloging EN
082 ## - DEWEY DECIMAL CLASSIFICATION NUMBER
Classification number 230.1
Item number WIL
100 ## - MAIN ENTRY--PERSONAL NAME
Personal name Wilson, H. H.
9 (RLIN) 12262
245 ## - TITLE STATEMENT
Title Hindu mythology :
Statement of responsibility, etc by H. H. Wilson
Remainder of title vedas and purana /
260 ## - PUBLICATION, DISTRIBUTION, ETC. (IMPRINT)
Place of publication, distribution, etc Chandigarh
Name of publisher, distributor, etc New Era Book Agency
Date of publication, distribution, etc 2000
270 ## - ADDRESS
City Chandigarh
Address SCO 49 - 51, (Basement) Sector - 17C
Postal code 160017
300 ## - PHYSICAL DESCRIPTION
Extent 70p.
Dimensions 21cm(Hb)
650 ## - SUBJECT ADDED ENTRY--TOPICAL TERM
Topical term or geographic name as entry element Hindu mythology
9 (RLIN) 79479
650 ## - SUBJECT ADDED ENTRY--TOPICAL TERM
Topical term or geographic name as entry element Hinduism
9 (RLIN) 79480
942 ## - ADDED ENTRY ELEMENTS (KOHA)
Source of classification or shelving scheme Dewey Decimal Classification
Koha item type English Books
Classification part 230.1
Call number suffix WIL
Holdings
Withdrawn status Lost status Damaged status Not for loan Home library Current library Date acquired Source of acquisition Cost, normal purchase price Total Checkouts Total Renewals Full call number Barcode Date last seen Date checked out Copy number Cost, replacement price Price effective from Koha item type
        Central Library Central Library 18/06/2015 Cen Lib/Ret 250.00 1 1 230.1 WIL B-181260 04/06/2025 07/05/2025 1 250.00 18/06/2015 English Books

© Delhi Public Library
Hit Counter
free hit counter